000 003870000a22001450004500
041 0 _aSPA
082 0 4 _aG 843 M259c
100 1 _aMalraux, Andre
245 1 0 _aLa condición humana / André Malraux; César Comet, Traductor
260 _aBogotá, Colombia : Círculo de Lectores
300 _a291 Pag
500 _aTítulo original : La condition humaine
001 10950
942 _cBK
999 _c40338
_d40338